Culture Générale : La Couleur Bleue - Statistiques

Statistiques générales
  • Ce quiz a été pris 145 fois
  • Le résultat moyen est 4 sur 8
Statistiques - réponses
Question Réponse % Correct
Planète surnommée "Planète Bleue" Terre
98%
Le bleu fait partie,avec le rouge et le jaune,des couleurs dites... Primaires
79%
Quel dieu grec représente t-on généralement avec la couleur bleu-marine ? Poséidon
66%
Qui chantait "Les Mots Bleus" en 1974 ? Christophe
53%
Nuance de bleu qui est aussi appelé bleu outremer. Azur
34%
Acteur principal du film « Le Grand Bleu » Jean Reno
31%
Dans le domaine médical,on nomme le bleu... Ecchymose
20%
Espèce de papillon de grande envergure et connue grâce à sa couleur bleue. Morpho
6%
Aucun quiz correspondant
Distribution des résultats
% des personnes avec chaque résultat
Percentile par nombre de réponses
Votre historique - résultats
Vous n’avez pas pris ce quiz